| 000 | 00331nam a2200109Ia 4500 | ||
|---|---|---|---|
| 008 | 171211s9999 xx 000 0 und d | ||
| 245 | _aPortrait Drawing: A Step-by-Step Art Instruction Book | ||
| 245 | _cJohn Lawn and Wendon Blake | ||
| 260 | _c2006 | ||
| 650 | _xDrawing | ||
| 856 | _uhttp://down.ebook777.com/007/9780823040940.pdf | ||
| 999 |
_c347986 _d347986 |
||